| 000 | 00559cam a22002051i 4500 | ||
|---|---|---|---|
| 001 | sa 67006916 | ||
| 003 | DLC | ||
| 005 | 20260227112411.0 | ||
| 008 | 900307s1953 io ak 000 0 ind | ||
| 010 | _asa 67006916 | ||
| 035 | _a(OCoLC)21184249 | ||
| 040 |
_aDLC _cMH-L _dWU _dDLC |
||
| 042 | _apremarc | ||
| 050 | 0 | 0 |
_aHJ2943 _b.N3 |
| 100 | 1 | _aNaboda, R. | |
| 245 | 0 | 0 |
_aDari hal padjak / _coleh R. Naboda. |
| 260 |
_aDjakarta : _bBalai pustaka, _c1953. |
||
| 300 |
_a32 p. : _bill., form. ; _c19 cm. |
||
| 650 | 0 |
_aTaxation _zIndonesia _vJuvenile literature. |
|
| 999 |
_c76234 _d76234 |
||